| 000 | 00473nam a2200193Ia 4500 | ||
|---|---|---|---|
| 008 | 170918s9999 xx 000 0 und d | ||
| 020 | _a9780439350976 | ||
| 050 | _bR846 2002 | ||
| 100 | _aRothman, Cynthia | ||
| 245 | _aOur flag / | ||
| 245 | _cCynthia Rothman ; illustrated by Esther Baran. | ||
| 260 | _aNew York : | ||
| 260 | _bScholastic, | ||
| 260 | _c2002 | ||
| 300 | _a16 pages : | ||
| 300 | _bcolored illustration ; | ||
| 300 | _c23cm. | ||
| 500 | _aBR | ||
| 999 |
_c340969 _d340969 |
||